[Event "Locarno op 7th"]
[Site "Locarno"]
[Date "2022.04.10"]
[Round "4"]
[White "Stalhandske, Julien"]
[Black "Kittler, Laszlo"]
[Result "1/2-1/2"]
[WhiteElo "1637"]
[BlackElo "1354"]
[PlyCount "66"]
[EventDate "2022.04.08"]
[EventType "swiss"]
[EventRounds "5"]
[EventCountry "SUI"]
[SourceTitle "CBM 207 Extra"]
[Source "ChessBase"]
[SourceDate "2022.05.31"]
[SourceVersion "1"]
[SourceVersionDate "2022.05.31"]
[SourceQuality "1"]

1. d4 Nf6 2. c4 e6 3. g3 d5 4. Nf3 c5 5. cxd5 Nxd5 6. Bg2 cxd4 7. Nxd4 Bb4+ 8. Bd2 Bxd2+ 9. Qxd2 0-0 10. 0-0 Nc6 11. Nxc6 bxc6 12. Qc2 Qb6 13. Nc3 Nxc3 14. Qxc3 Bb7 15. Rfd1 c5 16. Bxb7 Qxb7 17. Rd2 Qb4 18. Rc1 Rfd8 19. Rdc2 Rd5 20. Qxb4 cxb4 21. Rc8+ Rd8 22. Rxa8 Rxa8 23. Rc7 g6 24. Kg2 Kg7 25. Kf3 a5 26. Rc5 Kf6 27. h4 h5 28. b3 Ra7 29. Rb5 Ke7 30. Ke4 f6 31. Kd3 Kd6 32. Rb6+ Ke7 33. Rb5 Kd7 1/2-1/2

[Event "Locarno op 7th"]
[Site "Locarno"]
[Date "2022.04.09"]
[Round "2"]
[White "Corazza, Alessandro"]
[Black "Kittler, Laszlo"]
[Result "1/2-1/2"]
[WhiteElo "1600"]
[BlackElo "1354"]
[PlyCount "56"]
[EventDate "2022.04.08"]
[EventType "swiss"]
[EventRounds "5"]
[EventCountry "SUI"]
[SourceTitle "CBM 207 Extra"]
[Source "ChessBase"]
[SourceDate "2022.05.31"]
[SourceVersion "1"]
[SourceVersionDate "2022.05.31"]
[SourceQuality "1"]

1. e4 c6 2. Nf3 d5 3. Nc3 dxe4 4. Nxe4 Nf6 5. Qe2 Bg4 6. h3 Bxf3 7. Qxf3 Nbd7 8. d4 Nxe4 9. Qxe4 Nf6 10. Qd3 e6 11. Be2 Bd6 12. 0-0 Qc7 13. Rb1 Nd5 14. c4 Nf4 15. Bxf4 Bxf4 16. d5 cxd5 17. cxd5 exd5 18. Qxd5 0-0 19. Bf3 b6 20. b3 Rad8 21. Qb5 Rd2 22. a4 Rfd8 23. Qc6 Qxc6 24. Bxc6 R2d6 25. Bb5 g6 26. g3 Bd2 27. Rb2 a5 28. Rc2 Bb4 1/2-1/2